00398pab a2200145 454500008004000000100001900040245005800059260000900117300001400126362001800140650001100158700001900169700001600188773004800204180718b2000 xxu||||| |||| 00| 0 eng d aBurgess, Simon aThe reallocation of labour and the lifecycle of firms c2000 ap.885-907 aSpecial Issue aLabour aStevens, David aLane, Julia aOxford Bulletin of Economics and Statistics